00000000nam##2200000za#4500
0019.570983
003CaOODSP
00520210624182513
007cr |||||||||||
008150406|2004||||xxc|||||o    f|0| 0 eng|d
040 |aCaOODSP|beng
043 |an-cn---
0861 |aYC23-0/373-3E-PDF
1101 |aCanada. |bParliament. |bSenate. |bStanding Committee on Foreign Affairs and International Trade.
24510|aMexico : |h[electronic resource]|bCanada's other NAFTA partner (volume 3) / |cThe Honourable Peter Stollery, chair ; the Honourable Consiglio Di Nino, deputy chair.
2463 |aReport of the Standing Senate Committee on Foreign Affairs
260 |aOttawa - Ontario : |bSenate. |cMarch 2004.
300 |a57p.|bgraph, references
4901 |aReport of the Standing Senate Committee on Foreign Affairs and International Trade|v[37th Parliament, 3rd Session, 3rd report]
500 |aFor Vol. 1, see YC23-0/372-4E-PDF. For Vol. 2, see YC23-0/372-6E-PDF.
590 |a11-12-Supp|b2011-07-29
77508|tMexique : |w(CaOODSP)9.601626
830#0|aReport of the Standing Senate Committee on Foreign Affairs and International Trade ;|v[37th Parliament, 3rd Session, 3rd report]|w(CaOODSP)9.505254
85640|ahttp://publications.gc.ca|qPDF|s704 KB|uhttps://publications.gc.ca/collections/collection_2011/sen/yc23-0/YC23-0-373-3-eng.pdf|y[37th Parliament, 3rd Session, 3rd report]